| 000 | 01046nam a22001697a 4500 | ||
|---|---|---|---|
| 999 |
_c59479 _d59479 |
||
| 003 | Ge_BSU | ||
| 005 | 20230228095820.0 | ||
| 008 | 230228s1989 ge ||||| |||| 00| 0 geo d | ||
| 041 | _ageo | ||
| 080 | _a349.444(479.22)(094.4.072) ჩ-59 | ||
| 100 |
_aჩიკვაშვილი, შალვა _916624 |
||
| 245 |
_aსაბინაო სამართალი : _b საბინაო კანონმდებლობის კომენტარები / _cშალვა ჩიკვაშვილი ; საქ. სსრ საბინაო-კომუნ. მეურნეობისა და მოსახლეობის საყოფაცხ. მომსახურების სამინისტრო. |
||
| 264 |
_aთბილისი : _bსაბჭ.საქართველო, _c1989. |
||
| 300 |
_a607გვ. ; _b21სმ. |
||
| 653 | _aსაქართველოს საბინაო სამართალი -- კომენტარები. | ||
| 942 |
_2udc _cBK |
||